Postaw na milion 192 - Statystyki

Ogólne statystyki
  • Ten quiz został rozwiązany 33 razy
  • Średni wynik to 5 z 13
Statystyki odpowiedzi
Zagadnienie Odpowiedź % Poprawnych
Kot Gargamela to: Klakier
97%
"To był maj, pachniała Saska Kępa szalonym, zielonym bzem..."-śpiewa Maryla Rodowicz. W której z tych piosenek? Małgośka
72%
W pływaniu "delfin" to inaczej styl: motylkowy
62%
Walutą w Czarnogórze jest: euro
45%
Który z superbohaterów drużyny Avengers nosi pelerynę? Thor
45%
Państwo, w którym w ciągu ostatnich 20 lat przeprowadzono najwięcej referendów to: Szwajcaria
41%
Z jakiego mięsa zrobione jest chorizo, tradycyjna kiełbasa hiszpańska? z wieprzowiny
41%
Aby ugrać szlemika w brydżu,trzeba wziąć: co najmniej 12 lew
31%
W jakim języku została spisana Ewangelia wg świętego Marka? greckim
21%
Na trawiastych kortach Wimbledonu od 2001 roku sieje się tylko jeden gatunek trawy. Jest to: życica trwała
21%
Autorem słów "Uliczek w Barcelonie" i wielu innych znanych piosenek Hanki Ordonówny był: Michał Tyszkiewicz
10%
Która z tych supermodelek jest Brazylijką? Gisele Bündchen
7%
Najmłodsza Polka, która zdobyła Koronę Ziemi to: Bogumiła Raulin
0%
Nie znaleziono quizów pasujących do podanych kryteriów
Rozkład punktacji
Procent ludzi z każdym wynikiem
Percentyl według liczby udzielonych odpowiedzi
Twoja historia wyników
Nie rozwiązałeś tego quizu